[Event "Verbandsliga Suedbaden 1920"]
[Site "Baden"]
[Date "2020.02.02"]
[Round "5.6"]
[White "Kalix, Wolfgang"]
[Black "Bender, Stefan"]
[Result "1-0"]
[WhiteElo "2008"]
[BlackElo "2265"]
[PlyCount "109"]
[EventDate "2019.09.29"]
[EventType "team-tourn"]
[EventRounds "9"]
[EventCountry "GER"]
[SourceTitle "EXT 2021"]
[Source "ChessBase"]
[SourceDate "2020.10.23"]
[SourceVersion "1"]
[SourceVersionDate "2020.10.23"]
[SourceQuality "1"]
[WhiteTeam "Konstanz"]
[BlackTeam "Dreilaendereck II"]
[WhiteTeamCountry "GER"]
[BlackTeamCountry "GER"]

1. e4 e6 2. d4 d5 3. Nc3 dxe4 4. Nxe4 Nf6 5. Nxf6+ Qxf6 6. Nf3 h6 7. c3 Bd6 8. Bd3 0-0 9. Qe2 Re8 10. 0-0 Nd7 11. Qe4 Nf8 12. Ne5 Bxe5 13. dxe5 Qf5 14. Qe3 Qh5 15. f4 Ng6 16. Rf3 Nh4 17. Rh3 Qd1+ 18. Kf2 Nf5 19. Qe4 Rd8 20. Be2 Qd5 21. Qxd5 Rxd5 22. g4 Ne7 23. Be3 Rd8 24. Rd1 Bd7 25. Bc5 Kf8 26. g5 b6 27. Bxe7+ Kxe7 28. gxh6 gxh6 29. Rxh6 Bc6 30. Rxd8 Rxd8 31. Ke3 Rg8 32. f5 Rg5 33. f6+ Kd7 34. Rh5 Rg1 35. Rh7 Ke8 36. Rh8+ Kd7 37. Rf8 Rg5 38. Rxf7+ Kd8 39. Kd4 Rf5 40. Bc4 Rf4+ 41. Kd3 Rf3+ 42. Kc2 Be4+ 43. Kb3 Bf5 44. Bb5 c5 45. Rxa7 Be4 46. Rd7+ Kc8 47. Rg7 Kd8 48. Rg8+ Kc7 49. Be2 Bd5+ 50. Ka3 Rf2 51. Bh5 Rf1 52. f7 Ra1 53. b3 b5 54. Rc8+ Kd7 55. Rd8+ 1-0

[Event "Hessen-ch Seniors op 12th"]
[Site "Bad Sooden-Allendorf"]
[Date "2016.05.08"]
[Round "8"]
[White "Kalix, Wolfgang"]
[Black "Fleischer, Matthias"]
[Result "1/2-1/2"]
[WhiteElo "2045"]
[BlackElo "1928"]
[PlyCount "72"]
[EventDate "2016.04.30"]
[EventType "swiss"]
[EventRounds "9"]
[EventCountry "GER"]
[SourceTitle "EXT 2019"]
[Source "ChessBase"]
[SourceDate "2018.10.10"]
[SourceVersion "1"]
[SourceVersionDate "2018.10.10"]
[SourceQuality "1"]

1. e4 d6 2. Nc3 Nf6 3. Bc4 g6 4. d3 Bg7 5. f4 Bg4 6. Qd2 Bh6 7. h3 Be6 8. Bxe6 fxe6 9. Qf2 0-0 10. Qh4 Bg7 11. Nf3 h6 12. Bd2 c6 13. g4 Nh7 14. Rf1 Nd7 15. 0-0-0 b5 16. f5 g5 17. Qe1 e5 18. h4 Bf6 19. Rh1 Rf7 20. hxg5 hxg5 21. Rh5 Rg7 22. Qh1 Ndf8 23. Ne2 a5 24. d4 Qc7 25. dxe5 dxe5 26. Qg1 Rd8 27. Qe3 b4 28. Qc5 Nd7 29. Qc4+ Kh8 30. Bxg5 Nb6 31. Qe6 Bxg5+ 32. Nxg5 Rxd1+ 33. Kxd1 Rxg5 34. Rxh7+ Kxh7 35. Qf7+ Kh6 36. Qf8+ Kh7 1/2-1/2

[Event "Hessen-ch Seniors op 12th"]
[Site "Bad Sooden-Allendorf"]
[Date "2016.05.06"]
[Round "7"]
[White "Hondema, Evert C"]
[Black "Kalix, Wolfgang"]
[Result "1/2-1/2"]
[WhiteElo "1907"]
[BlackElo "2045"]
[PlyCount "45"]
[EventDate "2016.04.30"]
[EventType "swiss"]
[EventRounds "9"]
[EventCountry "GER"]
[SourceTitle "EXT 2019"]
[Source "ChessBase"]
[SourceDate "2018.10.10"]
[SourceVersion "1"]
[SourceVersionDate "2018.10.10"]
[SourceQuality "1"]

1. d4 Nf6 2. Bf4 e6 3. e3 c5 4. c3 b6 5. Nd2 Bb7 6. Ngf3 Be7 7. h3 d6 8. Be2 Nbd7 9. 0-0 0-0 10. a4 a6 11. Nc4 Ne8 12. Qb1 b5 13. axb5 axb5 14. Ncd2 cxd4 15. exd4 Nc7 16. Bd3 Rxa1 17. Qxa1 Qa8 18. Qb1 Nf6 19. Re1 Bc6 20. Qc2 Qb7 21. Ra1 Ra8 22. Rxa8+ Qxa8 23. Qb1 1/2-1/2

[Event "Hessen-ch Seniors op 12th"]
[Site "Bad Sooden-Allendorf"]
[Date "2016.05.04"]
[Round "5"]
[White "Kienel, Norbert"]
[Black "Kalix, Wolfgang"]
[Result "1/2-1/2"]
[WhiteElo "1869"]
[BlackElo "2045"]
[PlyCount "41"]
[EventDate "2016.04.30"]
[EventType "swiss"]
[EventRounds "9"]
[EventCountry "GER"]
[SourceTitle "EXT 2019"]
[Source "ChessBase"]
[SourceDate "2018.10.10"]
[SourceVersion "1"]
[SourceVersionDate "2018.10.10"]
[SourceQuality "1"]

1. d4 Nf6 2. c4 e6 3. Nc3 Bb4 4. Nf3 b6 5. e3 Bb7 6. Be2 0-0 7. 0-0 Bxc3 8. bxc3 d6 9. Qc2 Nbd7 10. Nd2 Re8 11. Bf3 Bxf3 12. Nxf3 d5 13. cxd5 exd5 14. c4 c6 15. cxd5 cxd5 16. Ba3 Qc8 17. Rac1 Qa6 18. Qb3 Rac8 19. Rxc8 Rxc8 20. Be7 Qb7 21. Bxf6 1/2-1/2

[Event "Hessen-ch Seniors op 12th"]
[Site "Bad Sooden-Allendorf"]
[Date "2016.05.03"]
[Round "4"]
[White "Kalix, Wolfgang"]
[Black "Bendisch, Juergen"]
[Result "1-0"]
[WhiteElo "2045"]
[BlackElo "1888"]
[PlyCount "43"]
[EventDate "2016.04.30"]
[EventType "swiss"]
[EventRounds "9"]
[EventCountry "GER"]
[SourceTitle "EXT 2019"]
[Source "ChessBase"]
[SourceDate "2018.10.10"]
[SourceVersion "1"]
[SourceVersionDate "2018.10.10"]
[SourceQuality "1"]

1. e4 c5 2. Nf3 e6 3. c3 d5 4. e5 Bd7 5. d4 Nc6 6. Be2 Qb6 7. 0-0 h6 8. dxc5 Bxc5 9. b4 Be7 10. a4 Qc7 11. Bf4 f6 12. Nd4 0-0-0 13. Nxc6 Bxc6 14. Qd4 Qb6 15. Qd2 d4 16. a5 dxc3 17. axb6 cxd2 18. bxa7 b6 19. a8Q+ Bxa8 20. Rxa8+ Kb7 21. Bf3+ Kc7 22. exf6+ 1-0

[Event "Hessen-ch Seniors op 12th"]
[Site "Bad Sooden-Allendorf"]
[Date "2016.05.02"]
[Round "3"]
[White "Rooze, Jan"]
[Black "Kalix, Wolfgang"]
[Result "1-0"]
[WhiteElo "2301"]
[BlackElo "2045"]
[PlyCount "83"]
[EventDate "2016.04.30"]
[EventType "swiss"]
[EventRounds "9"]
[EventCountry "GER"]
[SourceTitle "EXT 2019"]
[Source "ChessBase"]
[SourceDate "2018.10.10"]
[SourceVersion "1"]
[SourceVersionDate "2018.10.10"]
[SourceQuality "1"]

1. e4 e5 2. Nf3 Nc6 3. Bc4 d6 4. c3 Bg4 5. h3 Bh5 6. d3 Be7 7. Nbd2 Nf6 8. Bb3 Bg6 9. Nh4 Nh5 10. Nxg6 hxg6 11. Qf3 Bf6 12. Nc4 g5 13. g3 Qd7 14. Ne3 0-0-0 15. Ng4 Rdf8 16. Nxf6 gxf6 17. g4 Nf4 18. Bxf4 exf4 19. d4 Rh4 20. 0-0-0 Qe7 21. Bc4 Rfh8 22. Bb5 Nd8 23. Bf1 Re8 24. Bg2 Qe6 25. Kb1 Qc4 26. Rhe1 Rhh8 27. Bf1 Qc6 28. Qd3 Kb8 29. Qc2 d5 30. e5 fxe5 31. dxe5 Qe6 32. c4 dxc4 33. Bxc4 Qc6 34. Qb3 Qb6 35. Bxf7 Nxf7 36. Qxf7 Qxf2 37. e6 a6 38. e7 Qf3 39. Qf6 Qc6 40. Qxh8 Rxh8 41. Rd8+ Ka7 42. Rxh8 1-0

[Event "Verbandsliga Suedbaden 1415"]
[Site "Baden"]
[Date "2015.02.08"]
[Round "6.7"]
[White "Adler, Heiko"]
[Black "Kalix, Wolfgang"]
[Result "1-0"]
[WhiteElo "2050"]
[BlackElo "2045"]
[PlyCount "69"]
[EventDate "2014.10.12"]
[EventType "team-tourn"]
[EventRounds "9"]
[EventCountry "GER"]
[SourceTitle "EXT 2022"]
[Source "ChessBase"]
[SourceDate "2021.10.06"]
[SourceVersion "1"]
[SourceVersionDate "2021.10.06"]
[SourceQuality "1"]
[WhiteTeam "Oberwinden"]
[BlackTeam "Konstanz"]
[WhiteTeamCountry "GER"]
[BlackTeamCountry "GER"]

1. e4 e5 2. Nc3 Bc5 3. Bc4 Nf6 4. d3 d6 5. f4 Ng4 6. f5 Qh4+ 7. g3 Bf2+ 8. Kf1 Qh5 9. h3 Bxg1 10. Kxg1 Nf6 11. g4 Qh4 12. Kg2 c6 13. Qf3 Nbd7 14. a4 Nb6 15. Bb3 h6 16. Be3 d5 17. a5 Nbd7 18. exd5 cxd5 19. Nxd5 Nxd5 20. Bxd5 a6 21. Bxb7 Rb8 22. Bxc8 Rxc8 23. Rhc1 0-0 24. b4 Rfe8 25. c4 e4 26. dxe4 Ne5 27. Qe2 h5 28. Bf4 hxg4 29. hxg4 Qe7 30. b5 Qc5 31. Bxe5 Rxe5 32. Rd1 axb5 33. cxb5 Rce8 34. a6 Rxe4 35. Qxe4 1-0

[Event "Hessen-ch Seniors op 10th"]
[Site "Bad Sooden-Allendorf"]
[Date "2014.05.02"]
[Round "7"]
[White "Spitzner, Frank"]
[Black "Kalix, Wolfgang"]
[Result "1/2-1/2"]
[WhiteElo "1794"]
[BlackElo "2052"]
[PlyCount "23"]
[EventDate "2014.04.26"]
[EventType "swiss"]
[EventRounds "9"]
[EventCountry "GER"]
[SourceTitle "EXT 2018"]
[Source "ChessBase"]
[SourceDate "2017.10.13"]
[SourceVersion "1"]
[SourceVersionDate "2017.10.13"]
[SourceQuality "1"]

1. Nf3 Nf6 2. g3 d5 3. Bg2 g6 4. 0-0 Bg7 5. d3 0-0 6. Nbd2 c6 7. e4 dxe4 8. dxe4 Qc7 9. Qe2 Nbd7 10. Nc4 Nb6 11. Bf4 Qd8 12. Rfd1 1/2-1/2

[Event "Hessen-ch Seniors op 08th"]
[Site "Bad Sooden-Allendorf"]
[Date "2012.04.17"]
[Round "4"]
[White "Kalix, Wolfgang"]
[Black "Pape, Manfred"]
[Result "1/2-1/2"]
[WhiteElo "2057"]
[BlackElo "2235"]
[PlyCount "63"]
[EventDate "2012.04.14"]
[EventType "swiss"]
[EventRounds "9"]
[EventCountry "GER"]
[SourceTitle "EXT 2019"]
[Source "ChessBase"]
[SourceDate "2018.10.10"]
[SourceVersion "1"]
[SourceVersionDate "2018.10.10"]
[SourceQuality "1"]

1. e4 c6 2. Nc3 g6 3. Nf3 Bg7 4. Be2 d6 5. 0-0 Nd7 6. a4 Ngf6 7. d4 Qc7 8. Bf4 e5 9. dxe5 dxe5 10. Be3 0-0 11. Bc4 Ng4 12. Bd2 Nc5 13. a5 h6 14. Qe2 Ne6 15. h3 Nf6 16. Bxe6 Bxe6 17. Na4 b5 18. axb6 axb6 19. b3 Nh5 20. Qe3 Rfb8 21. Nb2 Nf4 22. Nd3 Nxd3 23. Qxd3 Rxa1 24. Rxa1 f5 25. Bc3 Rd8 26. Qe2 fxe4 27. Nd2 Bd5 28. Nxe4 c5 29. Nd2 Kh7 30. Nc4 Re8 31. Re1 Bxc4 32. Qxc4 1/2-1/2

[Event "Hessen-ch Seniors op 07th"]
[Site "Bad Sooden-Allendorf"]
[Date "2011.05.03"]
[Round "4"]
[White "Kalix, Wolfgang"]
[Black "Micheel, Peter"]
[Result "1/2-1/2"]
[WhiteElo "1873"]
[BlackElo "1735"]
[PlyCount "53"]
[EventDate "2011.04.30"]
[EventType "swiss"]
[EventRounds "9"]
[EventCountry "GER"]
[SourceTitle "EXT 2012"]
[Source "ChessBase"]
[SourceDate "2011.11.24"]
[SourceVersion "1"]
[SourceVersionDate "2011.11.24"]
[SourceQuality "1"]

1. e4 e6 2. d4 d5 3. Nc3 Nc6 4. Nf3 Nf6 5. Bg5 Be7 6. Bxf6 Bxf6 7. e5 Be7 8. a3 f6 9. Bd3 fxe5 10. Nxe5 Nxe5 11. dxe5 0-0 12. 0-0 Rf7 13. f4 g6 14. Ne2 c5 15. c3 Qb6 16. Kh1 Bd7 17. Rb1 Bb5 18. Bxb5 Qxb5 19. Ng3 Bh4 20. Ne2 Be7 21. Rf3 Raf8 22. Qd3 Qxd3 23. Rxd3 c4 24. Rf3 Bc5 25. Rd1 Kh8 26. h4 h5 27. g3 1/2-1/2

[Event "Hessen-ch Seniors op 05th"]
[Site "Bad Sooden-Allendorf"]
[Date "2009.05.03"]
[Round "9"]
[White "Schumacher, Gottfried"]
[Black "Kalix, Wolfgang"]
[Result "1-0"]
[WhiteElo "2102"]
[BlackElo "1939"]
[PlyCount "89"]
[EventDate "2009.04.25"]
[EventType "swiss"]
[EventRounds "9"]
[EventCountry "GER"]
[SourceTitle "EXT 2022"]
[Source "ChessBase"]
[SourceDate "2021.10.06"]
[SourceVersion "1"]
[SourceVersionDate "2021.10.06"]
[SourceQuality "1"]

1. g3 e5 2. Bg2 Nf6 3. e4 Nc6 4. Ne2 Bc5 5. c3 d6 6. d4 Bb6 7. h3 Qe7 8. Qd3 Bd7 9. Nd2 a6 10. Nc4 Ba7 11. Bg5 h6 12. Bd2 Nh7 13. Ne3 Nf6 14. Nd5 Nxd5 15. exd5 Nd8 16. 0-0-0 f6 17. Rhe1 g5 18. f4 Nf7 19. dxe5 fxe5 20. Be3 Bxe3+ 21. Qxe3 Qf6 22. Nd4 0-0 23. Ne6 Bxe6 24. dxe6 Qxe6 25. Bxb7 Qxa2 26. fxg5 Rab8 27. Qe4 Rxb7 28. Qxb7 Nxg5 29. Re2 Ne6 30. Qd5 Qxd5 31. Rxd5 Rf3 32. Rg2 Nc5 33. Kd2 Rf8 34. Ke3 Rf1 35. Rdd2 Nb3 36. Rdf2 Re1+ 37. Kd3 Rc1 38. Kc4 Nc5 39. Kd5 Rd1+ 40. Kc6 Ne4 41. Re2 Ng5 42. h4 Ne6 43. Kd7 Nc5+ 44. Kxc7 Ne6+ 45. Kb6 1-0

[Event "Hessen-ch Seniors op 05th"]
[Site "Bad Sooden-Allendorf"]
[Date "2009.04.30"]
[Round "6"]
[White "Kalix, Wolfgang"]
[Black "Weber, Gerhard3333"]
[Result "1-0"]
[WhiteElo "1939"]
[BlackElo "1684"]
[PlyCount "57"]
[EventDate "2009.04.25"]
[EventType "swiss"]
[EventRounds "9"]
[EventCountry "GER"]
[SourceTitle "EXT 2022"]
[Source "ChessBase"]
[SourceDate "2021.10.06"]
[SourceVersion "1"]
[SourceVersionDate "2021.10.06"]
[SourceQuality "1"]

1. e4 c5 2. Nf3 Nc6 3. Bb5 g6 4. 0-0 Bg7 5. d3 Nd4 6. Nxd4 cxd4 7. Nd2 a6 8. Bc4 b5 9. Bb3 Bb7 10. f4 e6 11. a4 Ne7 12. Qe1 0-0 13. Nf3 d6 14. Bd2 Bc6 15. axb5 Bxb5 16. Ng5 h6 17. Nf3 Nc6 18. f5 exf5 19. exf5 gxf5 20. Nh4 Ne7 21. Nxf5 Nxf5 22. Rxf5 Qd7 23. Qf2 Rae8 24. Rf1 Re7 25. Qh4 Kh7 26. Bxh6 Bxh6 27. Rf6 Re5 28. Qxh6+ Kg8 29. Rg6# 1-0

[Event "Staufer op 21st"]
[Site "Schwaebisch Gmuend"]
[Date "2009.01.05"]
[Round "8"]
[White "Kalix, Wolfgang"]
[Black "Weinwurm, Wolfgang"]
[Result "0-1"]
[WhiteElo "2082"]
[BlackElo "2167"]
[PlyCount "68"]
[EventDate "2009.01.02"]
[EventType "swiss"]
[EventRounds "9"]
[EventCountry "GER"]
[SourceTitle "CBM 128 Extra"]
[Source "ChessBase"]
[SourceDate "2009.03.05"]
[SourceVersion "2"]
[SourceVersionDate "2009.03.25"]
[SourceQuality "1"]

1. e4 e5 2. Nf3 Nc6 3. Bb5 a6 4. Ba4 Nf6 5. 0-0 b5 6. Bb3 Bc5 7. c3 d6 8. d4 Bb6 9. dxe5 Nxe5 10. Nxe5 dxe5 11. Qxd8+ Kxd8 12. Bg5 Ke8 13. Bxf6 gxf6 14. Bd5 Rb8 15. a4 Bd7 16. axb5 axb5 17. Rd1 Rd8 18. Na3 Ke7 19. Nc2 c6 20. Bb3 Bg4 21. Rxd8 Rxd8 22. h3 Bh5 23. g4 Bg6 24. Ra6 Rd1+ 25. Kg2 Bxe4+ 26. f3 Rg1+ 27. Kh2 Bxf3 28. Ne1 Rxe1 29. Rxb6 Rb1 30. Rb7+ Kd6 31. Bxf7 Rxb2+ 32. Kg3 Be4 33. Be8 Rb3 34. Rd7+ Kc5 0-1

[Event "Hessen-ch Seniors op 04th"]
[Site "Bad Sooden-Allendorf"]
[Date "2008.05.01"]
[Round "8"]
[White "Ninic, Milutin"]
[Black "Kalix, Wolfgang"]
[Result "1/2-1/2"]
[WhiteElo "1649"]
[BlackElo "1934"]
[PlyCount "90"]
[EventDate "2008.04.24"]
[EventType "swiss"]
[EventRounds "9"]
[EventCountry "GER"]
[SourceTitle "EXT 2022"]
[Source "ChessBase"]
[SourceDate "2021.10.06"]
[SourceVersion "1"]
[SourceVersionDate "2021.10.06"]
[SourceQuality "1"]

1. c4 e5 2. Nc3 Nf6 3. g3 Bb4 4. Bg2 Bxc3 5. bxc3 0-0 6. Qc2 Nc6 7. d3 Re8 8. e4 d6 9. Ne2 Nh5 10. Bf3 Nf6 11. 0-0 Bh3 12. Bg2 Qd7 13. f3 h5 14. Be3 b6 15. f4 Bxg2 16. Kxg2 exf4 17. Rxf4 Ne5 18. Bd4 c5 19. Bg1 Ng6 20. Rf5 Re5 21. Raf1 Rae8 22. h3 Rxf5 23. Rxf5 Re5 24. Rf3 Nh7 25. Nf4 Ng5 26. Re3 Re8 27. Qf2 Ne5 28. Qf1 g6 29. h4 Ne6 30. Nd5 Ng4 31. Nf6+ Nxf6 32. Qxf6 Ng7 33. Rf3 Qe6 34. Qg5 Qe5 35. Qxe5 Rxe5 36. Bh2 Re6 37. Kf2 f5 38. Re3 Kf7 39. exf5 Nxf5 40. Rxe6 Kxe6 41. Kf3 Nh6 42. Bg1 Ng4 43. Ke4 a6 44. a4 a5 45. d4 Nf6+ 1/2-1/2